| 000 | 01101cam a22003375a 4500 | ||
|---|---|---|---|
| 001 | 015744185 | ||
| 003 | OSt | ||
| 005 | 20170111144526.0 | ||
| 008 | 110125t2011 enka frb 001 0 eng d | ||
| 020 | _a9781850972105 | ||
| 020 | _a1850972109 | ||
| 040 |
_aStDuBDS _beng _cStDuBDS _dUk _dEG-ScBUE |
||
| 041 | 1 |
_aeng _hita |
|
| 082 | 0 | 4 |
_a617.632 _222 _bFOC |
| 100 | 1 | _aFoce, Edoardo. | |
| 245 | 1 | 0 |
_aEndo-periodontal lesions / _cEdoardo Foce. |
| 246 | 1 | 3 | _aEndo-perio |
| 260 |
_aLondon : _bQuintessence Publishing, _cc.2011. |
||
| 300 |
_aix, 146 p. : _bill. (some col.) ; _c29 cm. |
||
| 504 | _aIncludes bibliographical references and index. | ||
| 546 | _aText in English ; Translated from original Italian. | ||
| 650 | 7 |
_aPeriodontics. _2BUEsh _939502 |
|
| 650 | 7 |
_aEndodontics. _2BUEsh _932092 |
|
| 650 | 0 |
_aPeriodontal disease _xDiagnosis. _2BUEsh |
|
| 650 | 7 |
_aPeriodontal disease _xTreatment. _2BUEsh _940770 |
|
| 650 | 0 |
_aDental pulp _xDiseases _xDiagnosis. _2BUEsh |
|
| 650 | 0 |
_aDental pulp _xDiseases _xTreatment. _2BUEsh |
|
| 651 | _2BUEsh | ||
| 653 |
_bDDent _cJanuary2017 |
||
| 942 | _2ddc | ||
| 999 |
_c23891 _d23863 |
||